| 000 | 00821nam a2200265 i 4500 | ||
|---|---|---|---|
| 001 | bg | ||
| 100 | 1 | _aBOCHENEK, Jan | |
| 245 | 0 |
_aMatematyka : _bpodręcznik dla studentów wyższych szkół technicznych. Cz.1 / _cJan Bochenek, Teresa Winiarska ; Politechnika Krakowska im. Tadeusza Kościuszki. |
|
| 250 | _aWyd.8 zm. | ||
| 260 |
_aKraków : _bPolitechnika Krakowska, _c2001. |
||
| 300 |
_a396 s. : _brys., wykr. ; _c24 cm. |
||
| 500 | _aIndeks. | ||
| 504 | _aBibliogr. | ||
| 650 | 9 | _aMatematyka | |
| 655 | _aPodręczniki akademickie | ||
| 700 | 1 | _aWINIARSKA, Teresa | |
| 710 | 0 | _aPolitechnika Krakowska im. Tadeusza Kościuszki | |
| 020 | _a8372421587 | ||
| 040 | _cBPK | ||
| 041 | 0 | _apl | |
| 080 | _a51(075.8) | ||
| 920 | _a83-7242-158-7 | ||
| 942 | _cKS | ||
| 008 | s pl f |000 0 pol | ||
| 999 |
_c40592 _d40592 |
||
| 856 |
_uhttp://koha.tu.koszalin.pl/cgi-bin/koha/opac-detail.pl?biblionumber=40592 _yKatalog online BPK |
||